Mouvements et genres littéraires britanniques - Statistiques

Statistiques générales
  • Ce quiz a été pris 10 fois
  • Le résultat moyen est 12 sur 49
Statistiques - réponses
Dates Mouvement % Correct
1790 - 1840 William Shakespeare
75%
1837 - 1901 Macbeth
50%
Romanticism
50%
1984
25%
Aestheticism
25%
Anticipation novel
25%
Art, decadence
25%
Charles Dickens
25%
Class, growing in society, industrialization
25%
Contemporary
25%
1660 - 1790 Drama
25%
Dystopia
25%
1880 - 1900 Enlightenment
25%
Ethics, human essence
25%
Fantastic novel
25%
Frankenstein
25%
Future, totalitarism, fear
25%
George Orwell
25%
Gothic
25%
Gulliver's Travels
25%
Imagination, beauty, emotion
25%
1940 - 1960 Jonathan Swift
25%
Kazuo Ishiguro
25%
Lyrical Ballads
25%
Mary Shelley
25%
1960 - today Moral dilemma, cosmic order
25%
Mrs Dalloway
25%
Mystery, death
25%
Never Let Me Go
25%
Oliver Twist
25%
Oscar Wilde
25%
Poetry
25%
Psychological realism
25%
1550 - 1660 Renaissance
25%
1910 - 1950 Satire
25%
1990 - today Social critique, Reason
25%
Social novel
25%
Stream of consciousness
25%
Subjectivity, fragmentation
25%
The Picture of Dorian Gray
25%
Victorianism
25%
Virginia Woolf
25%
William Wordsworth
25%
Deconstruction, history, culture
0%
Identity novel
0%
Midnight's Children
0%
Modernism
0%
Post-colonialism
0%
Salman Rushdie
0%
Aucun quiz correspondant
Distribution des résultats
% des personnes avec chaque résultat
Percentile par nombre de réponses
Votre historique - résultats
Vous n’avez pas pris ce quiz